| 000 | 01120nam a2200253 a 4500 | ||
|---|---|---|---|
| 001 | 40108 | ||
| 003 | BD-RjUL | ||
| 005 | 20211209053135.0 | ||
| 008 | 160423s2007 bg ||||| |||| 00| 0 ben d | ||
| 020 |
_a9840745964 _c: Tk.260.00 |
||
| 035 | _a(BD-RjUL)40223 | ||
| 040 |
_aBD-RjUL _bben _cBD-RjUL |
||
| 041 | _aben | ||
| 082 |
_223 _a940 _bFIU 2007 |
||
| 100 |
_aফিশার, এইচ. এ. এল _9123505 |
||
| 245 | 1 | 0 |
_aইউরোপের ইতিহাস [প্রাচীন কাল থেকে ষোড়শ শতক] / _cএইচ. এ. এল ফিশার, অনুবাদ : আরশাদ আজিজ |
| 260 |
_aঢাকা : _bবাংলা একাডেমী, _c২০০৭ |
||
| 300 |
_a৩৮৯ পৃ. ; _c২২ সে.মি. |
||
| 500 | _a [প্রাচীন কাল থেকে ষোড়শ শতক] সুপারিশকৃত গ্রন্থাবলি | ||
| 651 |
_aইউরোপ _x ইতিহাস _9124096 |
||
| 651 |
_aEurope _xHistory _9124115 |
||
| 700 |
_aআজিজ, আরশাদ অনুবাদ _9122816 |
||
| 942 |
_2ddc _cBK |
||
| 999 |
_c40108 _d40108 |
||